[Event "GER-ch U10 Girls"]
[Site "Willingen"]
[Date "2020.10.27"]
[Round "1"]
[White "Manakov, Luisa"]
[Black "Margaryan, Mari"]
[Result "1-0"]
[WhiteElo "1103"]
[BlackElo "690"]
[PlyCount "33"]
[EventDate "2020.10.26"]
[EventType "swiss"]
[EventRounds "7"]
[EventCountry "GER"]
[SourceTitle "CBM 199 Extra"]
[Source "ChessBase"]
[SourceDate "2021.01.31"]
[SourceVersion "1"]
[SourceVersionDate "2021.01.31"]
[SourceQuality "1"]

1. e4 e5 2. Nf3 Nc6 3. d4 exd4 4. Nxd4 Nf6 5. Nc3 Bb4 6. Nxc6 bxc6 7. Bc4 Nxe4 8. Qf3 Nd6 9. Bb3 0-0 10. 0-0 Rb8 11. Qg3 Re8 12. Bh6 g6 13. Rae1 Ba6 14. Rxe8+ Qxe8 15. Qg5 Kh8 16. Qf6+ Kg8 17. Qg7# 1-0